[Event "Locarno op 8th"]
[Site "Locarno"]
[Date "2023.04.23"]
[Round "4"]
[White "Van Foreest, Jorden"]
[Black "Frey, Fabian"]
[Result "1-0"]
[WhiteElo "2680"]
[BlackElo "2207"]
[PlyCount "61"]
[EventDate "2023.04.21"]
[EventType "swiss"]
[EventRounds "5"]
[EventCountry "SUI"]
[SourceTitle "CBM 214 Extra"]
[Source "ChessBase"]
[SourceDate "2023.07.31"]
[SourceVersion "1"]
[SourceVersionDate "2023.07.31"]
[SourceQuality "1"]

1. d4 d5 2. c4 c6 3. Nf3 Nf6 4. Nc3 e6 5. cxd5 exd5 6. Qc2 Nbd7 7. Bg5 h6 8. Bh4 g5 9. Bg3 Nh5 10. e3 Nxg3 11. hxg3 Bg7 12. Bd3 Qe7 13. 0-0 0-0 14. Rfe1 Nb6 15. e4 dxe4 16. Nxe4 Qd8 17. Rad1 Nd5 18. a3 Re8 19. Nc5 Rxe1+ 20. Rxe1 b6 21. Ne4 Bb7 22. Bc4 Qd7 23. Ne5 Qe6 24. f4 gxf4 25. gxf4 Rd8 26. Qf2 Bc8 27. f5 Qe8 28. f6 Bf8 29. Bd3 Kh8 30. Qf3 c5 31. Ng5 1-0

[Event "Locarno op 8th"]
[Site "Locarno"]
[Date "2023.04.21"]
[Round "1"]
[White "Spinella, Giandomenico"]
[Black "Frey, Fabian"]
[Result "0-1"]
[WhiteElo "1454"]
[BlackElo "2207"]
[PlyCount "44"]
[EventDate "2023.04.21"]
[EventType "swiss"]
[EventRounds "5"]
[EventCountry "SUI"]
[SourceTitle "CBM 214 Extra"]
[Source "ChessBase"]
[SourceDate "2023.07.31"]
[SourceVersion "1"]
[SourceVersionDate "2023.07.31"]
[SourceQuality "1"]

1. d4 d5 2. Nf3 Nf6 3. e3 c6 4. Bd3 Bg4 5. h3 Bh5 6. Nbd2 Nbd7 7. b3 e5 8. dxe5 Nxe5 9. Be2 Nxf3+ 10. Nxf3 Bb4+ 11. Bd2 Bc5 12. 0-0 Ne4 13. Be1 0-0 14. Nd4 Bg6 15. f3 Nd6 16. a4 a5 17. Qc1 Re8 18. Bd3 Qb6 19. Bxg6 hxg6 20. Bf2 Nf5 21. Qd2 Nxe3 22. Rfe1 Bxd4 0-1

[Event "SUI-chT"]
[Site "Switzerland"]
[Date "2023.04.16"]
[Round "1.7"]
[White "Frey, Fabian"]
[Black "Simon, Ralf Axel"]
[Result "1-0"]
[WhiteElo "2205"]
[BlackElo "2105"]
[PlyCount "81"]
[EventDate "2023.04.16"]
[EventType "team-tourn"]
[EventRounds "9"]
[EventCountry "SUI"]
[SourceTitle "CBM 213 Extra"]
[Source "ChessBase"]
[SourceDate "2023.05.31"]
[SourceVersion "1"]
[SourceVersionDate "2023.05.31"]
[SourceQuality "1"]
[WhiteTeam "Wollishofen"]
[BlackTeam "Trubschachen"]
[WhiteTeamCountry "SUI"]
[BlackTeamCountry "SUI"]

1. e4 c5 2. Nf3 d6 3. d4 cxd4 4. Nxd4 Nf6 5. Nc3 a6 6. Rg1 b5 7. a4 e5 8. Nb3 b4 9. Nd5 Bb7 10. Bc4 Nxd5 11. Bxd5 Nc6 12. Be3 Qf6 13. Qe2 Be7 14. 0-0-0 0-0 15. g4 Bd8 16. g5 Qe7 17. g6 Nd4 18. gxf7+ Kh8 19. Nxd4 Bxd5 20. Nf5 Qxf7 21. Rxd5 g6 22. Nxd6 Qf3 23. Qxf3 Rxf3 24. Rgd1 Bh4 25. b3 Raf8 26. Nc4 Bxf2 27. Bxf2 Rxf2 28. Nxe5 Rxh2 29. Rd8 Rxd8 30. Rxd8+ Kg7 31. Rd7+ Kf8 32. Ra7 Rh4 33. Rxa6 Rxe4 34. Nd3 g5 35. Kd2 h5 36. Rb6 h4 37. Rxb4 Rxb4 38. Nxb4 h3 39. Nd3 h2 40. Nf2 g4 41. Nh1 1-0